00935nas a2200289 4500001001300000003000900013005001700022007000300039008003400042040005400076041000900130072001300139100001700152100001700169100001600186100001800202100002000220100000600240245008300246246007800329650001100407650001400418650001800432650001000450773013100460856005400591BR2013003441BR-BrBNA20231205122249.0ta230509b bl.|||p| |||| 00| 00por d aBR-BrBNAbporcBiblioteca Nacional de Agricultura a(Pt) aC10; L201 aBorges, T.D.1 aSans, E.C.O.1 aBraga, J.S.1 aMachado, M.F.1 aMolento, C.F.M.1 a 1 aEnsino de bem-estar e dor animal em cursos de medicina veterinária no Brasil1 aTeaching pain and animal welfare in Veterinary Medicine courses in Brazil aANIMAL aBEM-ESTAR aVETERINÁRIA aCURSO0 tArquivo Brasileiro de Medicina Veterinária e Zootecnia (Brazil)xISSN 0102-0935g(Feb 2013), v. 65(1) p. 29-36wBR201300344140uhttp://www.scielo.br/pdf/abmvz/v65n1/a05v65n1.pdf